Laits et produits laitiers
Saved in:
| Hovedforfatter: | |
|---|---|
| Format: | Bog |
| Sprog: | spansk |
| Udgivet: |
París
Lavoisier
1986
|
| Serier: | Collection Sciences et Techniques agro-alimentaires
|
| Fag: | |
| Tags: |
Tilføj Tag
Ingen Tags, Vær først til at tagge denne postø!
|
MARC
| LEADER | 00000nam a2200000 a 4500 | ||
|---|---|---|---|
| 001 | UCO0638 | ||
| 003 | CL-VaPUC | ||
| 008 | 000428e19860000FR |||||||||||||||||spa|d | ||
| 082 | 0 | 4 | |a 637 |b LUQ |2 21 |
| 100 | |a Luquet, Francois M. |e autor |9 441994 | ||
| 245 | 1 | 0 | |a Laits et produits laitiers |
| 300 | |a v | ||
| 942 | |c BK | ||
| 945 | |d 20000428 00:00:00 |a vberengu | ||
| 260 | |a París |b Lavoisier |c 1986 | ||
| 500 | |a v.3: Qualité-Énergie et tables de composition | ||
| 650 | 0 | |a Alimentos |9 256203 | |
| 650 | 7 | |a INDUSTRIA LECHERA |2 CL-VaPUC |9 259749 | |
| 650 | 7 | |a PRODUCTOS |2 CL-VaPUC |9 338640 | |
| 650 | 0 | |a Productos lácteos |9 259521 | |
| 650 | 7 | |a PROTEINAS ANIMALES |2 CL-VaPUC |9 441997 | |
| 650 | 0 | |a Proteínas vegetales |9 406169 | |
| 583 | |a last modification |c 20000428 00:00:00 |k Rodrigo Vera | ||
| 490 | 0 | |a Collection Sciences et Techniques agro-alimentaires | |
| 999 | |c 287287 |d 287285 | ||
| 952 | |0 0 |1 0 |2 ddc |4 0 |6 637_000000000000000_LUQ_1986 |7 0 |8 A |9 334015 |a BIBALI |b BIBALI |c GEN |d 2019-11-20 |h v.3 |i 3575764 |o 637 LUQ 1986 |p 3575764 |r 2025-01-20 |w 2019-11-20 |y BK |k ALI | ||